[Event "MP do lat 18 - dziewczeta"]
[Site "Sypniewo"]
[Date "2022.03.22"]
[Round "4.1"]
[White "Wikar, Martyna"]
[Black "Kroliczek, Gabriela"]
[Result "1-0"]
[BlackElo "1823"]
[WhiteElo "2160"]
[LiveChessVersion "1.4.8"]

1. e4 {[%clk 1:30:56]} e5 {[%clk 1:30:57]} 2. Nf3 {[%clk 1:31:00]} Nc6
{[%clk 1:31:24]} 3. Bc4 {[%clk 1:31:08]} Bc5 {[%clk 1:31:47]} 4. d3
{[%clk 1:31:20]} Nf6 {[%clk 1:32:12]} 5. Bb3 {[%clk 1:31:16]} O-O
{[%clk 1:32:14]} 6. O-O {[%clk 1:31:31]} d5 {[%clk 1:32:38]} 7. exd5
{[%clk 1:31:49]} Nxd5 {[%clk 1:33:02]} 8. h3 {[%clk 1:32:14]} Be6
{[%clk 1:30:18]} 9. Re1 {[%clk 1:31:54]} Re8 {[%clk 1:18:54]} 10. Nc3
{[%clk 1:24:10]} h6 {[%clk 1:12:23]} 11. Ne4 {[%clk 1:21:15]} Bf8
{[%clk 1:07:18]} 12. Ba4 {[%clk 1:19:14]} Bd7 {[%clk 0:54:15]} 13. c3
{[%clk 1:17:45]} Nb6 {[%clk 0:51:38]} 14. Bb3 {[%clk 1:12:19]} Be6
{[%clk 0:49:51]} 15. Be3 {[%clk 1:11:32]} Bxb3 {[%clk 0:46:28]} 16. axb3
{[%clk 1:07:53]} Nd5 {[%clk 0:44:48]} 17. b4 {[%clk 1:01:56]} Nxe3
{[%clk 0:34:26]} 18. fxe3 {[%clk 1:00:38]} a6 {[%clk 0:33:49]} 19. Qc2
{[%clk 0:56:10]} Qd5 {[%clk 0:30:18]} 20. d4 {[%clk 0:53:23]} a5 {[%clk 0:21:00]}
21. bxa5 {[%clk 0:47:37]} exd4 {[%clk 0:16:01]} 22. exd4 {[%clk 0:47:25]} Nxa5
{[%clk 0:16:03]} 23. Ned2 {[%clk 0:39:45]} Nc6 {[%clk 0:13:37]} 24. Rxa8
{[%clk 0:34:51]} Rxa8 {[%clk 0:14:01]} 25. b3 {[%clk 0:32:49]} Qd6
{[%clk 0:10:21]} 26. Ne4 {[%clk 0:24:18]} Qf4 {[%clk 0:08:16]} 27. b4
{[%clk 0:23:29]} Ne7 {[%clk 0:06:38]} 28. Ne5 {[%clk 0:20:11]} Nd5
{[%clk 0:03:30]} 29. Qe2 {[%clk 0:14:47]} Bd6 {[%clk 0:01:06]} 30. Ng4
{[%clk 0:07:56]} Qf5 {[%clk 0:00:39]} 31. Rf1 {[%clk 0:04:45]} Qd7
{[%clk 0:00:35]} 32. Qf3 {[%clk 0:04:31]} Qe6 {[%clk 0:00:49]} 33. c4 Nxb4
{[%clk 0:00:43]} 34. Nxd6 {[%clk 0:03:25]} cxd6 {[%clk 0:00:40]} 35. Qxb7
{[%clk 0:03:28]} Ra2 {[%clk 0:00:34]} 36. Qxb4 {[%clk 0:03:25]} Qe4
{[%clk 0:00:59]} 37. Nf2 {[%clk 0:03:34]} Qe2 {[%clk 0:00:38]} 38. Qb8+
{[%clk 0:03:32]} Kh7 {[%clk 0:01:06]} 39. Qb1+ {[%clk 0:03:44]} g6
{[%clk 0:01:22]} 40. Qe4 {[%clk 0:33:55]} Qxc4 {[%clk 0:31:33]} 41. Ng4
{[%clk 0:33:28]} Re2 {[%clk 0:29:09]} 42. Rxf7+ {[%clk 0:32:54]} Qxf7
{[%clk 0:24:57]} 43. Qxe2 {[%clk 0:33:21]} h5 {[%clk 0:25:09]} 44. Nf2
{[%clk 0:33:16]} Qf4 {[%clk 0:25:16]} 45. Qe4 {[%clk 0:33:36]} Qc1+
{[%clk 0:24:31]} 46. Kh2 {[%clk 0:34:04]} Qa3 {[%clk 0:24:56]} 47. Qe7+
{[%clk 0:33:58]} Kh6 {[%clk 0:24:10]} 48. Qf8+ {[%clk 0:34:15]} Kh7
{[%clk 0:23:46]} 49. Ne4 {[%clk 0:34:29]} g5 {[%clk 0:23:58]} 50. Qf7+
{[%clk 0:34:38]} Kh6 {[%clk 0:24:05]} 51. Qf6+ {[%clk 0:34:46]} Kh7
{[%clk 0:24:20]} 52. Nxg5+ {[%clk 0:35:11]} Kg8 {[%clk 0:24:34]} 53. Qg6+
{[%clk 0:35:22]} Kh8 {[%clk 0:24:53]} 54. Nf7# {[%clk 0:35:34]} 1-0

[Event "MP do lat 18 - dziewczeta"]
[Site "Sypniewo"]
[Date "2022.03.22"]
[Round "4.2"]
[White "Marcinczyk, Monika"]
[Black "Mirowska, Oliwia"]
[Result "1-0"]
[BlackElo "1738"]
[WhiteElo "1865"]
[LiveChessVersion "1.4.8"]

1. e4 {[%clk 1:30:57]} c5 {[%clk 1:30:40]} 2. Nf3 {[%clk 1:31:19]} e6
{[%clk 1:31:03]} 3. d4 {[%clk 1:31:40]} cxd4 {[%clk 1:31:19]} 4. Nxd4
{[%clk 1:32:04]} a6 {[%clk 1:31:38]} 5. a3 {[%clk 1:31:43]} Nf6 {[%clk 1:31:04]}
6. Nc3 {[%clk 1:32:00]} Qc7 {[%clk 1:28:29]} 7. f4 {[%clk 1:30:57]} Bc5
{[%clk 1:28:00]} 8. Be3 {[%clk 1:27:32]} b5 {[%clk 1:23:17]} 9. e5
{[%clk 1:24:00]} Ng8 {[%clk 1:22:56]} 10. Ne4 {[%clk 1:16:37]} Be7
{[%clk 1:19:51]} 11. Qg4 {[%clk 1:09:51]} Kf8 {[%clk 1:19:27]} 12. O-O-O
{[%clk 1:04:31]} f5 {[%clk 1:13:00]} 13. Nxf5 {[%clk 0:59:22]} exf5
{[%clk 1:12:52]} 14. Qxf5+ {[%clk 0:59:43]} Ke8 {[%clk 1:11:32]} 15. Nd6+
{[%clk 0:59:05]} Bxd6 {[%clk 1:07:47]} 16. exd6 {[%clk 0:59:24]} Qc6
{[%clk 1:02:00]} 17. Re1 {[%clk 0:50:44]} Ne7 {[%clk 0:54:17]} 18. Qe5
{[%clk 0:50:47]} 1-0

[Event "MP do lat 18 - dziewczeta"]
[Site "Sypniewo"]
[Date "2022.03.22"]
[Round "4.3"]
[White "Dylag, Emilia"]
[Black "Czarnecka, Lidia"]
[Result "1/2-1/2"]
[BlackElo "1978"]
[WhiteElo "2003"]
[LiveChessVersion "1.4.8"]

1. d4 {[%clk 1:30:57]} d5 {[%clk 1:30:30]} 2. c4 {[%clk 1:31:18]} c6
{[%clk 1:30:18]} 3. Nf3 {[%clk 1:31:35]} Nf6 {[%clk 1:29:44]} 4. Nc3
{[%clk 1:31:45]} e6 {[%clk 1:29:46]} 5. g3 {[%clk 1:31:33]} dxc4 {[%clk 1:28:49]}
6. Ne5 {[%clk 1:31:05]} Bb4 {[%clk 1:26:46]} 7. Bg2 {[%clk 1:28:59]} O-O
{[%clk 1:26:29]} 8. O-O {[%clk 1:21:04]} Nbd7 {[%clk 1:23:30]} 9. Nxc4
{[%clk 1:20:06]} Nb6 {[%clk 1:18:12]} 10. Ne5 {[%clk 1:15:30]} Qe7
{[%clk 1:14:09]} 11. Nd3 {[%clk 1:07:21]} Rd8 {[%clk 1:09:48]} 12. a3
{[%clk 1:01:50]} Bd6 {[%clk 1:01:05]} 13. Qc2 {[%clk 0:44:18]} Bc7
{[%clk 0:57:45]} 14. e3 {[%clk 0:42:06]} e5 {[%clk 0:44:40]} 15. Re1
{[%clk 0:36:15]} Nbd5 {[%clk 0:33:50]} 16. Nxd5 {[%clk 0:29:10]} cxd5
{[%clk 0:33:38]} 17. dxe5 {[%clk 0:25:22]} Bxe5 {[%clk 0:34:01]} 18. Nxe5
{[%clk 0:24:46]} Qxe5 {[%clk 0:34:23]} 19. Bd2 {[%clk 0:23:16]} Ne4
{[%clk 0:32:56]} 20. Rad1 {[%clk 0:13:05]} Be6 {[%clk 0:25:18]} 21. f4
{[%clk 0:06:34]} Qf5 {[%clk 0:23:47]} 22. Qc7 {[%clk 0:04:25]} Rd7
{[%clk 0:22:37]} 23. Qa5 {[%clk 0:04:18]} b6 {[%clk 0:21:20]} 24. Qb5
{[%clk 0:03:09]} Rc8 {[%clk 0:20:29]} 25. Bxe4 {[%clk 0:01:56]} Qxe4
{[%clk 0:14:42]} 26. Bc3 {[%clk 0:01:37]} Bh3 {[%clk 0:11:41]} 27. Qe2
{[%clk 0:00:50]} Qe6 {[%clk 0:10:32]} 28. Rd4 {[%clk 0:00:48]} Bf5
{[%clk 0:10:06]} 29. Qf2 {[%clk 0:00:43]} Rdc7 {[%clk 0:09:14]} 30. Rf1
{[%clk 0:00:38]} Rc4 {[%clk 0:08:09]} 1/2-1/2

[Event "MP do lat 18 - dziewczeta"]
[Site "Sypniewo"]
[Date "2022.03.22"]
[Round "4.4"]
[White "Sloniewska, Alicja"]
[Black "Goraj, Barbara"]
[Result "0-1"]
[BlackElo "2078"]
[WhiteElo "1700"]
[LiveChessVersion "1.4.8"]

1. d4 {[%clk 1:30:55]} Nf6 {[%clk 1:30:50]} 2. c4 {[%clk 1:31:08]} g6
{[%clk 1:31:11]} 3. Nc3 {[%clk 1:31:24]} Bg7 {[%clk 1:31:31]} 4. e4
{[%clk 1:31:33]} d6 {[%clk 1:31:46]} 5. Nf3 {[%clk 1:31:35]} O-O {[%clk 1:31:50]}
6. Be2 {[%clk 1:31:38]} Nbd7 {[%clk 1:32:09]} 7. O-O {[%clk 1:31:30]} e5
{[%clk 1:32:30]} 8. d5 {[%clk 1:31:13]} Nc5 {[%clk 1:32:30]} 9. Qc2
{[%clk 1:31:08]} a5 {[%clk 1:32:49]} 10. Bg5 {[%clk 1:30:51]} h6 {[%clk 1:32:52]}
11. Be3 {[%clk 1:30:55]} b6 {[%clk 1:33:08]} 12. Nd2 {[%clk 1:30:47]} Bg4
{[%clk 1:33:16]} 13. f3 {[%clk 1:30:32]} Bd7 {[%clk 1:33:38]} 14. b3
{[%clk 1:29:40]} Nh5 {[%clk 1:33:42]} 15. g3 {[%clk 1:22:31]} f5 {[%clk 1:12:40]}
16. Bf2 {[%clk 1:18:13]} Nf6 {[%clk 0:55:53]} 17. a3 {[%clk 1:15:19]} h5
{[%clk 0:54:05]} 18. b4 {[%clk 1:10:11]} Nb7 {[%clk 0:53:01]} 19. c5
{[%clk 1:01:20]} bxc5 {[%clk 0:51:30]} 20. bxc5 {[%clk 1:00:54]} Nxc5
{[%clk 0:49:43]} 21. Bxc5 {[%clk 1:01:10]} dxc5 {[%clk 0:50:04]} 22. Rfd1
{[%clk 0:52:00]} h4 {[%clk 0:46:56]} 23. Nb5 {[%clk 0:42:56]} hxg3
{[%clk 0:43:54]} 24. hxg3 {[%clk 0:42:29]} Nh5 {[%clk 0:43:38]} 25. Nf1
{[%clk 0:41:58]} Qg5 {[%clk 0:36:35]} 26. Kf2 {[%clk 0:36:44]} f4
{[%clk 0:21:02]} 27. g4 {[%clk 0:34:42]} Qh4+ {[%clk 0:19:04]} 28. Kg1
{[%clk 0:32:34]} Bxg4 {[%clk 0:08:22]} 29. fxg4 {[%clk 0:26:58]} f3
{[%clk 0:08:37]} 30. Bxf3 {[%clk 0:24:01]} Nf4 {[%clk 0:05:06]} 31. Qxc5
{[%clk 0:15:36]} Nh3+ {[%clk 0:03:58]} 32. Kg2 {[%clk 0:15:58]} Nf4+
{[%clk 0:04:19]} 33. Kg1 {[%clk 0:16:19]} Nh3+ {[%clk 0:04:32]} 34. Kg2
{[%clk 0:16:41]} Rxf3 {[%clk 0:02:58]} 35. Kxf3 {[%clk 0:16:34]} Rf8+
{[%clk 0:03:11]} 36. Ke2 {[%clk 0:12:28]} Qxg4+ {[%clk 0:03:21]} 37. Kd2
{[%clk 0:11:16]} Bh6+ {[%clk 0:02:59]} 38. Ne3 {[%clk 0:08:47]} Rf2+
{[%clk 0:02:43]} 39. Kc3 {[%clk 0:06:20]} Qe2 {[%clk 0:01:58]} 40. d6
{[%clk 0:34:05]} Qb2+ {[%clk 0:31:16]} 41. Kc4 {[%clk 0:31:48]} cxd6
{[%clk 0:03:39]} 42. Qc8+ {[%clk 0:21:13]} Rf8 {[%clk 0:03:18]} 43. Qe6+
{[%clk 0:20:46]} Kg7 {[%clk 0:02:53]} 44. Qd7+ {[%clk 0:19:21]} Kg8
{[%clk 0:00:58]} 45. Qxh3 {[%clk 0:12:15]} Bxe3 {[%clk 0:01:18]} 46. Qxe3
{[%clk 0:11:12]} Rc8+ {[%clk 0:01:38]} 47. Kd3 {[%clk 0:10:01]} Qc2# 0-1

[Event "MP do lat 18 - dziewczeta"]
[Site "Sypniewo"]
[Date "2022.03.22"]
[Round "4.5"]
[White "Hertlein, Irena"]
[Black "Nowak, Roksana"]
[Result "1/2-1/2"]
[BlackElo "1669"]
[WhiteElo "1925"]
[LiveChessVersion "1.4.8"]

1. d4 {[%clk 1:30:57]} Nf6 {[%clk 1:30:48]} 2. c4 {[%clk 1:31:13]} e6
{[%clk 1:30:47]} 3. Nf3 {[%clk 1:31:08]} d5 {[%clk 1:30:48]} 4. g3
{[%clk 1:30:03]} Be7 {[%clk 1:30:54]} 5. Bg2 {[%clk 1:30:07]} dxc4
{[%clk 1:30:45]} 6. O-O {[%clk 1:28:50]} O-O {[%clk 1:31:00]} 7. Qc2
{[%clk 1:23:52]} a6 {[%clk 1:30:10]} 8. a4 {[%clk 1:17:31]} Bd7 {[%clk 1:26:19]}
9. Ne5 {[%clk 1:11:12]} Bc6 {[%clk 1:16:22]} 10. Nxc6 {[%clk 1:07:36]} Nxc6
{[%clk 1:16:44]} 11. Bxc6 {[%clk 1:07:44]} bxc6 {[%clk 1:17:12]} 12. Qxc4
{[%clk 1:08:12]} Qd5 {[%clk 1:17:11]} 13. Nd2 {[%clk 0:58:14]} Rfd8
{[%clk 1:07:40]} 14. e3 {[%clk 0:55:56]} c5 {[%clk 1:03:55]} 15. Qxd5
{[%clk 0:53:05]} Rxd5 {[%clk 1:01:43]} 16. dxc5 {[%clk 0:45:34]} Bxc5
{[%clk 1:01:41]} 17. Nc4 {[%clk 0:45:19]} Bb4 {[%clk 0:55:16]} 18. Kg2
{[%clk 0:37:52]} a5 {[%clk 0:50:22]} 19. Kf3 {[%clk 0:31:25]} Rad8
{[%clk 0:47:08]} 20. b3 {[%clk 0:30:06]} Rd3 {[%clk 0:40:20]} 21. Rb1
{[%clk 0:30:03]} Nd7 {[%clk 0:37:26]} 22. Ba3 {[%clk 0:26:03]} Bxa3
{[%clk 0:33:01]} 23. Nxa3 {[%clk 0:26:31]} Nc5 {[%clk 0:33:15]} 24. Nb5
{[%clk 0:21:39]} Nxb3 {[%clk 0:32:55]} 25. Ke2 {[%clk 0:21:33]} c5
{[%clk 0:25:43]} 26. Rfd1 {[%clk 0:16:22]} c4 {[%clk 0:21:15]} 27. Na3
{[%clk 0:15:04]} Rxd1 {[%clk 0:18:27]} 28. Rxd1 {[%clk 0:15:27]} Rxd1
{[%clk 0:18:47]} 29. Kxd1 {[%clk 0:15:56]} Nc5 {[%clk 0:17:39]} 30. Nxc4
{[%clk 0:16:18]} Nxa4 {[%clk 0:18:05]} 31. Nxa5 {[%clk 0:16:39]} 1/2-1/2

[Event "MP do lat 18 - dziewczeta"]
[Site "Sypniewo"]
[Date "2022.03.22"]
[Round "4.6"]
[White "Krzyzosiak, Marta"]
[Black "Adamczyk, Zuzanna"]
[Result "1/2-1/2"]
[BlackElo "1889"]
[WhiteElo "1698"]
[LiveChessVersion "1.4.8"]

1. e4 {[%clk 1:30:56]} c5 {[%clk 1:30:16]} 2. Nf3 {[%clk 1:31:17]} e6
{[%clk 1:30:31]} 3. d4 {[%clk 1:31:37]} cxd4 {[%clk 1:30:53]} 4. Nxd4
{[%clk 1:32:02]} Nf6 {[%clk 1:31:16]} 5. Nc3 {[%clk 1:32:20]} Nc6
{[%clk 1:31:26]} 6. Ndb5 {[%clk 1:30:22]} Bb4 {[%clk 1:31:45]} 7. a3
{[%clk 1:30:45]} Bxc3+ {[%clk 1:31:56]} 8. Nxc3 {[%clk 1:31:10]} d5
{[%clk 1:32:14]} 9. exd5 {[%clk 1:31:35]} exd5 {[%clk 1:32:33]} 10. Bd3
{[%clk 1:31:49]} O-O {[%clk 1:32:36]} 11. O-O {[%clk 1:31:19]} d4
{[%clk 1:32:52]} 12. Ne2 {[%clk 1:31:04]} Bg4 {[%clk 1:33:02]} 13. Bg5
{[%clk 1:28:50]} Qd6 {[%clk 1:12:43]} 14. Qd2 {[%clk 1:12:52]} Bxe2
{[%clk 0:57:30]} 15. Qxe2 {[%clk 1:07:30]} Rfe8 {[%clk 0:48:25]} 16. Qd2
{[%clk 0:55:07]} Ne4 {[%clk 0:39:07]} 17. Bxe4 {[%clk 0:45:53]} Rxe4
{[%clk 0:39:29]} 18. Rfe1 {[%clk 0:44:24]} Rae8 {[%clk 0:19:49]} 19. Rxe4
{[%clk 0:33:14]} Rxe4 {[%clk 0:20:07]} 20. Re1 {[%clk 0:32:15]} Re6
{[%clk 0:16:50]} 21. h3 {[%clk 0:25:54]} h6 {[%clk 0:14:16]} 22. Bh4
{[%clk 0:18:47]} Qd5 {[%clk 0:13:00]} 23. Bg3 {[%clk 0:13:12]} Na5
{[%clk 0:08:09]} 24. b3 {[%clk 0:04:39]} Nc6 {[%clk 0:06:59]} 25. Rd1
{[%clk 0:03:08]} Qb5 {[%clk 0:04:05]} 26. Re1 {[%clk 0:02:58]} Qc5
{[%clk 0:03:52]} 27. Ra1 {[%clk 0:01:41]} Qb5 {[%clk 0:02:55]} 28. Re1
{[%clk 0:02:00]} Qc5 {[%clk 0:02:39]} 29. Ra1 {[%clk 0:02:22]} Qc3
{[%clk 0:02:43]} 30. Rd1 {[%clk 0:02:19]} Qb2 {[%clk 0:01:55]} 31. a4
{[%clk 0:01:27]} Qa3 {[%clk 0:00:38]} 32. Qd3 {[%clk 0:01:00]} Qc5
{[%clk 0:00:50]} 33. Qd2 {[%clk 0:00:50]} Qd5 {[%clk 0:00:35]} 34. b4
{[%clk 0:00:46]} a6 {[%clk 0:00:51]} 35. Kh2 {[%clk 0:00:56]} Qc4
{[%clk 0:01:10]} 36. b5 {[%clk 0:00:38]} axb5 {[%clk 0:01:28]} 37. axb5
{[%clk 0:00:55]} Qxb5 {[%clk 0:01:51]} 38. Ra1 {[%clk 0:01:04]} Qe2
{[%clk 0:01:48]} 39. Ra8+ {[%clk 0:01:00]} Kh7 {[%clk 0:02:12]} 40. Qf4
{[%clk 0:31:06]} Rf6 {[%clk 0:31:58]} 41. Qc7 {[%clk 0:24:38]} Kg6
{[%clk 0:19:29]} 42. Rg8 {[%clk 0:18:44]} Re6 {[%clk 0:11:53]} 43. Qxb7
{[%clk 0:13:23]} Qxc2 {[%clk 0:09:14]} 44. Qb5 {[%clk 0:01:29]} Ne7
{[%clk 0:07:49]} 45. Rd8 {[%clk 0:01:52]} Nf5 {[%clk 0:07:09]} 46. h4
{[%clk 0:01:54]} h5 {[%clk 0:04:07]} 47. Rd5 {[%clk 0:00:53]} f6 {[%clk 0:02:26]}
48. Qd7 {[%clk 0:00:44]} Re2 {[%clk 0:01:52]} 49. Rxf5 {[%clk 0:00:54]} Qxf5
{[%clk 0:02:13]} 50. Qxd4 {[%clk 0:01:21]} Re1 {[%clk 0:01:35]} 51. Qb4
{[%clk 0:01:18]} Qb1 {[%clk 0:01:02]} 52. Qxb1+ {[%clk 0:01:30]} Rxb1
{[%clk 0:01:29]} 53. Bd6 {[%clk 0:01:14]} Rd1 {[%clk 0:01:30]} 54. Bc5
{[%clk 0:01:33]} Kf5 {[%clk 0:01:24]} 55. g3 {[%clk 0:01:38]} Kg4
{[%clk 0:01:11]} 56. Kg2 {[%clk 0:02:00]} Rd2 {[%clk 0:01:32]} 57. Bf8
{[%clk 0:01:49]} g6 {[%clk 0:01:22]} 58. Be7 {[%clk 0:01:57]} Kf5
{[%clk 0:01:24]} 59. Bb4 {[%clk 0:02:20]} Rb2 {[%clk 0:01:38]} 60. Ba3
{[%clk 0:02:29]} Rb3 {[%clk 0:01:32]} 61. Be7 {[%clk 0:02:41]} Ke6
{[%clk 0:01:35]} 62. Bd8 {[%clk 0:02:36]} Kf5 {[%clk 0:01:54]} 63. Be7
{[%clk 0:02:56]} g5 {[%clk 0:02:04]} 64. hxg5 {[%clk 0:03:16]} fxg5
{[%clk 0:02:22]} 65. Bd8 {[%clk 0:03:18]} Kg4 {[%clk 0:02:16]} 66. Be7
{[%clk 0:02:25]} Rc3 {[%clk 0:01:51]} 67. Bf6 {[%clk 0:02:42]} Rf3
{[%clk 0:01:32]} 68. Bxg5 {[%clk 0:01:59]} 1/2-1/2

[Event "MP do lat 18 - dziewczeta"]
[Site "Sypniewo"]
[Date "2022.03.22"]
[Round "4.7"]
[White "Bugaj, Hanna"]
[Black "Reszka, Zofia"]
[Result "1-0"]
[BlackElo "1328"]
[WhiteElo "1782"]
[LiveChessVersion "1.4.8"]

1. d4 {[%clk 1:30:57]} Nf6 {[%clk 1:30:45]} 2. c4 {[%clk 1:31:11]} g6
{[%clk 1:30:46]} 3. Nc3 Bg7 {[%clk 1:30:33]} 4. Nf3 {[%clk 1:29:26]} d6
{[%clk 1:29:57]} 5. g3 {[%clk 1:27:31]} O-O {[%clk 1:29:12]} 6. Bg2
{[%clk 1:27:54]} c6 {[%clk 1:27:53]} 7. e4 {[%clk 1:27:08]} e5 {[%clk 1:16:57]}
8. O-O {[%clk 1:26:24]} Nbd7 {[%clk 1:14:21]} 9. d5 {[%clk 1:15:58]} c5
{[%clk 1:12:47]} 10. a3 {[%clk 1:09:09]} Nb6 {[%clk 1:10:11]} 11. Qe2
{[%clk 1:07:30]} Ne8 {[%clk 1:07:43]} 12. b4 {[%clk 1:04:45]} Nd7
{[%clk 1:04:49]} 13. Ne1 {[%clk 0:43:59]} f5 {[%clk 1:02:24]} 14. Nd3
{[%clk 0:42:53]} fxe4 {[%clk 1:00:33]} 15. Nxe4 {[%clk 0:42:27]} b6
{[%clk 1:00:01]} 16. Rb1 {[%clk 0:38:50]} Ndf6 {[%clk 0:57:36]} 17. bxc5
{[%clk 0:29:38]} Nxe4 {[%clk 0:55:17]} 18. Bxe4 {[%clk 0:28:14]} bxc5
{[%clk 0:55:09]} 19. Bb2 {[%clk 0:23:56]} Bh6 {[%clk 0:53:18]} 20. Ba1
{[%clk 0:18:28]} Nf6 {[%clk 0:47:42]} 21. Bg2 {[%clk 0:18:16]} Ba6
{[%clk 0:45:59]} 22. Qc2 {[%clk 0:16:00]} Qc7 {[%clk 0:39:38]} 23. Qa4
{[%clk 0:13:23]} Bc8 {[%clk 0:38:30]} 24. f4 {[%clk 0:03:42]} Bf5
{[%clk 0:34:30]} 25. Rbd1 {[%clk 0:03:51]} Ng4 {[%clk 0:33:09]} 26. Rfe1
{[%clk 0:03:47]} Bxd3 {[%clk 0:31:57]} 27. Rxd3 {[%clk 0:04:15]} exf4
{[%clk 0:31:43]} 28. Bh3 {[%clk 0:03:35]} f3 {[%clk 0:27:33]} 29. Rxf3
{[%clk 0:02:43]} Rxf3 {[%clk 0:27:48]} 30. Bxg4 {[%clk 0:02:18]} Be3+
{[%clk 0:23:35]} 31. Kh1 {[%clk 0:02:41]} Rf2 {[%clk 0:19:54]} 32. Be6+
{[%clk 0:02:11]} Kf8 {[%clk 0:19:29]} 33. Rxe3 {[%clk 0:02:21]} Rf1+
{[%clk 0:19:26]} 34. Kg2 {[%clk 0:02:48]} Rxa1 {[%clk 0:19:38]} 35. Rf3+
{[%clk 0:03:12]} Kg7 {[%clk 0:19:54]} 36. Rf7+ {[%clk 0:01:19]} Qxf7
{[%clk 0:20:14]} 37. Bxf7 {[%clk 0:01:46]} Kxf7 {[%clk 0:20:34]} 38. Qd7+
{[%clk 0:01:46]} Kg8 {[%clk 0:20:20]} 39. Qxd6 {[%clk 0:01:40]} Re8
{[%clk 0:19:53]} 40. Qxc5 {[%clk 0:31:28]} Re2+ {[%clk 0:49:32]} 41. Kf3
{[%clk 0:29:26]} Rea2 {[%clk 0:49:02]} 42. d6 {[%clk 0:21:33]} Rxa3+
{[%clk 0:48:56]} 43. Kg2 {[%clk 0:21:05]} R1a2+ {[%clk 0:48:38]} 44. Kh3
{[%clk 0:20:57]} Rd3 {[%clk 0:48:22]} 45. Qe5 {[%clk 0:14:04]} Rad2
{[%clk 0:47:23]} 46. c5 {[%clk 0:13:48]} Rd5 {[%clk 0:45:42]} 47. Qe8+
{[%clk 0:12:23]} Kg7 {[%clk 0:46:02]} 48. c6 {[%clk 0:10:54]} Rxd6
{[%clk 0:43:01]} 49. c7 {[%clk 0:11:16]} Rd7 {[%clk 0:43:03]} 50. c8=Q
{[%clk 0:11:31]} Rf7 {[%clk 0:42:42]} 51. Qc3+ {[%clk 0:11:48]} 1-0

[Event "MP do lat 18 - dziewczeta"]
[Site "Sypniewo"]
[Date "2022.03.22"]
[Round "4.8"]
[White "Anyz, Monika"]
[Black "Siekanska, Zuzanna"]
[Result "1-0"]
[BlackElo "1756"]
[WhiteElo "1651"]
[LiveChessVersion "1.4.8"]

1. e4 {[%clk 1:30:57]} e5 {[%clk 1:30:50]} 2. Nf3 {[%clk 1:31:21]} Nc6
{[%clk 1:31:13]} 3. d4 {[%clk 1:31:45]} exd4 {[%clk 1:31:27]} 4. Bc4
{[%clk 1:32:03]} Nf6 {[%clk 1:31:09]} 5. e5 {[%clk 1:32:21]} d5 {[%clk 1:31:05]}
6. Bb5 {[%clk 1:32:32]} Ne4 {[%clk 1:31:25]} 7. Nxd4 {[%clk 1:32:35]} Bd7
{[%clk 1:31:47]} 8. Bxc6 {[%clk 1:32:36]} bxc6 {[%clk 1:32:08]} 9. O-O
{[%clk 1:32:20]} Bc5 {[%clk 1:31:53]} 10. f3 {[%clk 1:31:49]} Ng5
{[%clk 1:32:05]} 11. f4 {[%clk 1:31:49]} Ne4 {[%clk 1:32:24]} 12. Be3
{[%clk 1:31:18]} Qb8 {[%clk 1:32:10]} 13. Qc1 {[%clk 1:19:51]} Bb6
{[%clk 1:30:47]} 14. Nd2 {[%clk 1:17:32]} Nxd2 {[%clk 1:25:22]} 15. Qxd2
{[%clk 1:17:36]} c5 {[%clk 1:25:22]} 16. Nb3 {[%clk 1:15:55]} c4 {[%clk 1:22:29]}
17. Nc5 {[%clk 1:07:28]} Bxc5 {[%clk 1:08:37]} 18. Bxc5 {[%clk 1:07:22]} Qb5
{[%clk 1:05:54]} 19. Qxd5 {[%clk 0:55:14]} Bc6 {[%clk 1:05:51]} 20. Qd4
{[%clk 0:55:04]} Rd8 {[%clk 1:05:59]} 21. Qf2 {[%clk 0:52:36]} Qxb2
{[%clk 1:04:44]} 22. Qh4 {[%clk 0:49:15]} f6 {[%clk 1:00:51]} 23. exf6
{[%clk 0:46:38]} Qxf6 {[%clk 0:58:45]} 24. Rae1+ {[%clk 0:36:35]} Kf7
{[%clk 0:58:32]} 25. Re7+ {[%clk 0:36:06]} Kg8 {[%clk 0:58:01]} 26. Qxf6
{[%clk 0:35:28]} gxf6 {[%clk 0:58:23]} 27. Rxc7 {[%clk 0:35:39]} Be4
{[%clk 0:58:14]} 28. Re1 {[%clk 0:33:40]} f5 {[%clk 0:57:30]} 29. Re3
{[%clk 0:28:00]} Rd1+ {[%clk 0:56:43]} 30. Kf2 {[%clk 0:28:25]} Rd2+
{[%clk 0:56:58]} 31. Ke1 {[%clk 0:27:39]} Rxg2 {[%clk 0:57:11]} 32. Rc8+
{[%clk 0:27:50]} 1-0

[Event "MP do lat 18 - dziewczeta"]
[Site "Sypniewo"]
[Date "2022.03.22"]
[Round "4.9"]
[White "Kudlak, Julia"]
[Black "Pisarek, Elzbieta"]
[Result "0-1"]
[BlackElo "1704"]
[WhiteElo "1579"]
[LiveChessVersion "1.4.8"]

1. e4 {[%clk 1:30:53]} c5 {[%clk 1:30:42]} 2. Nf3 {[%clk 1:31:10]} e6
{[%clk 1:31:06]} 3. d4 {[%clk 1:31:12]} cxd4 {[%clk 1:31:32]} 4. Nxd4
{[%clk 1:31:37]} Nf6 {[%clk 1:31:52]} 5. Nc3 {[%clk 1:31:06]} Nc6
{[%clk 1:32:14]} 6. Nxc6 {[%clk 1:30:37]} bxc6 {[%clk 1:32:18]} 7. e5
{[%clk 1:30:31]} Nd5 {[%clk 1:32:28]} 8. Ne4 {[%clk 1:30:09]} Qa5+
{[%clk 1:30:49]} 9. Bd2 {[%clk 1:17:11]} Qb6 {[%clk 1:30:30]} 10. c4
{[%clk 1:14:28]} Qxb2 {[%clk 1:28:50]} 11. cxd5 {[%clk 1:11:44]} Qxe5
{[%clk 1:29:03]} 12. f3 {[%clk 1:03:38]} exd5 {[%clk 1:22:51]} 13. Bc3
{[%clk 1:00:07]} Qe6 {[%clk 1:22:51]} 14. Kf2 {[%clk 0:47:58]} dxe4
{[%clk 1:22:43]} 15. Qd4 {[%clk 0:44:30]} Qd5 {[%clk 1:18:18]} 16. fxe4
{[%clk 0:42:10]} Qxd4+ {[%clk 1:11:43]} 17. Bxd4 {[%clk 0:42:38]} a5
{[%clk 1:09:52]} 18. Rb1 {[%clk 0:40:37]} f6 {[%clk 1:08:13]} 19. Ke3
{[%clk 0:33:44]} Bd6 {[%clk 1:07:07]} 20. Be2 {[%clk 0:31:00]} Ba6
{[%clk 1:06:38]} 21. Bg4 {[%clk 0:30:31]} Ke7 {[%clk 1:05:50]} 22. Rhd1
{[%clk 0:28:56]} Rhb8 {[%clk 1:03:31]} 23. Bb6 {[%clk 0:26:31]} Rxb6
{[%clk 1:01:04]} 24. Rxb6 {[%clk 0:25:36]} Bc5+ {[%clk 1:01:28]} 25. Kf4
{[%clk 0:25:45]} Bxb6 {[%clk 1:01:11]} 26. Rxd7+ {[%clk 0:26:02]} Kf8 0-1